MDQL
is popping MORE tags! Check the
thread
!
Quizzes
Events
Quiz Creation
Community
Videos
Private Events
Remove Ads
Sign In
Join for FREE
Feedback
Dark Mode
Quiz Categories
Sports
Geography
Music
Movies
Television
Just For Fun
Miscellaneous
History
Literature
Language
Science
Gaming
Entertainment
Religion
Holiday
For Kids
Quiz Lab
Recent
Popular Today
Quiz Kudos Today
Editor Picks
Curator Picks
Quizzes by...
Day
Popularity
Type
Ratings
Length
Year
Community
Subscriptions
Recent Discussions
Orange Saloon
Badges
Playlists
Quests
Create
Leaderboards
Showdown
Live 5
Trivia Bingo
Activity
Puzzle Library
Sporcle Events
Private Events
Virtual Trivia
Globe League
Become a Host
Pub Owners
SporcleCon
Opinionation
Our Games
Videos
Blog
Mobile Apps
Partnerships
Remove Ads and Go Orange
Feedback
Language
Vocabulary
Begins and Ends
Definition
Spanish
French
German
Italian
Chinese
Latin
Translation
Japanese
Language
Vocabulary
Begins and Ends
Definition
Spanish
French
German
Italian
Chinese
Latin
Translation
Japanese
Random Quiz
Search Sporcle
×
Quiz Lab
Quiz Lab
Language
Adjective
Type in answers that appear in a list
Type in answers that appear in a list
Classic
Best Score? Go Orange.
Adjectives and Opposites 2 Stats
Do you know the opposite of these adjectives?
By
hopkinsbph
20m
92 Questions
6 Plays
6 Plays
6 Plays
Comments
Comments
Give Quiz Kudos
Give Quiz Kudos
-
- Ratings
hide this ad
Replay
Link that replays current quiz
Next Quiz
Link to next quiz in quiz playlist
You Got
0%
They Got
Avg Score
67%
Avg Friend Score
Upgrade to see
Score Distribution
Jump to the score distribution portion of the page
Score
0/92
Timer
20:00
0
Plays Today
Questions
Answer
% Correct
It's the w_
_
_
_
_
_
answer. (not right)
wrong
100%
My phone is o_
_
_
_
_
_
. (not new)
old
100%
My Dad is y_
_
_
_
_
_
. (not old)
young
100%
We have a s_
_
_
_
_
_
car. (not big)
small
100%
We have a b_
_
_
_
_
_
problem. (not little)
big
83.3%
It's a very g_
_
_
_
_
_
idea. (not bad)
good
83.3%
He has s_
_
_
_
_
_
hair. (not long)
short
83.3%
The shelf is too l_
_
_
_
_
_
. (not high)
low
83.3%
The test was e_
_
_
_
_
_
. (not difficult)
easy
83.3%
I am s_
_
_
_
_
_
today. (not happy)
sad
83.3%
The shop is c_
_
_
_
_
_
. (not open)
closed
83.3%
We arrived l_
_
_
_
_
_
. (not early)
late
83.3%
My Grandparents are r_
_
_
_
_
_
. (not poor)
rich
83.3%
The test was really e_
_
_
_
_
_
. (not hard)
easy
83.3%
It's h_
_
_
_
_
_
today. (not cold)
hot
83.3%
My school is u_
_
_
_
_
_
. (not beautiful)
ugly
83.3%
We are close f_
_
_
_
_
_
home. (not close)
far
83.3%
It's getting l_
_
_
_
_
_
. (not dark)
light
83.3%
My shoes are d_
_
_
_
_
_
. (not clean)
dirty
83.3%
It's a s_
_
_
_
_
_
place. (not dangerous)
safe
83.3%
My house is f_
_
_
_
_
_
. (not empty)
full
83.3%
I got some p_
_
_
_
_
_
comments. (not negative)
positive
83.3%
The spider is d_
_
_
_
_
_
. (not alive)
dead
83.3%
He's a s_
_
_
_
_
_
man. (not tall)
short
83.3%
It's a i_
_
_
_
_
_
book. (not boring)
interesting
83.3%
The baby is a_
_
_
_
_
_
. (not asleep)
awake
83.3%
It was a f_
_
_
_
_
_
race. (not slow)
fast
83.3%
My cat is too t_
_
_
_
_
_
. (not fat)
thin
83.3%
My class is very q_
_
_
_
_
_
. (not loud)
quiet
83.3%
This is a f_
_
_
_
_
_
Gucci bag. (not real)
fake
83.3%
This is a p_
_
_
_
_
_
road. (not private)
public
83.3%
Questions
Answer
% Correct
My name is very r_
_
_
_
_
_
. (not common)
rare
83.3%
This app is u_
_
_
_
_
_
. (not useful)
useless
83.3%
This box is l_
_
_
_
_
_
. (not heavy)
light
83.3%
The streets near my house are q_
_
_
_
_
_
. (not busy)
quiet
83.3%
There is a t_
_
_
_
_
_
spider on the wall. (not huge)
tiny
83.3%
We live t_
_
_
_
_
_
. (not separately)
together
83.3%
The wall is really t_
_
_
_
_
_
. (not thick)
thin
83.3%
It’s a m_
_
_
_
_
_
cat. (not female)
male
83.3%
I’m really f_
_
_
_
_
_
. (not hungry)
full
83.3%
It's a very s_
_
_
_
_
_
idea. (not complicated)
simple
83.3%
I live in a u_
_
_
_
_
_
area. (not rural)
urban
83.3%
He is a g_
_
_
_
_
_
little boy. (not naughty)
good
83.3%
The ice cream is too s_
_
_
_
_
_
. (not hard)
soft
66.7%
My brother is very w_
_
_
_
_
_
. (not strong)
weak
66.7%
Food is very e_
_
_
_
_
_
in my town. (not cheap)
expensive
66.7%
Turn r_
_
_
_
_
_
. (not left)
right
66.7%
I feel w_
_
_
_
_
_
. (not sick)
well
66.7%
My hair is w_
_
_
_
_
_
. (not dry)
wet
66.7%
I'm w_
_
_
_
_
_
today. (not ill)
well
66.7%
My brother is s_
_
_
_
_
_
. (not clever)
stupid
66.7%
He was c_
_
_
_
_
_
when I told him. (not angry)
calm
66.7%
This salad is t_
_
_
_
_
_
. (not disgusting)
tasty
66.7%
My brother is always p_
_
_
_
_
_
. (not rude)
polite
66.7%
My town is very t_
_
_
_
_
_
. (not modern)
traditional
66.7%
The park is s_
_
_
_
_
_
. (not round)
square
66.7%
The water is s_
_
_
_
_
_
. (not deep)
shallow
66.7%
The road is very w_
_
_
_
_
_
here. (not narrow)
wide
66.7%
The l_
_
_
_
_
_
shelves are very dusty (not upper)
lower
66.7%
I am very n_
_
_
_
_
_
about my test tomorrow. (not confident)
nervous
66.7%
This bread is s_
_
_
_
_
_
. (not fresh)
stale
66.7%
I’m sure he is i_
_
_
_
_
_
. (not guilty)
innocent
66.7%
Questions
Answer
% Correct
He is very n_
_
_
_
_
_
-
minded. (not broad)
narrow
66.7%
I have a p_
_
_
_
_
_
job. (not temporary)
permanent
66.7%
This horse is t_
_
_
_
_
_
. (not wild)
tame
66.7%
This ice-
cream is l_
_
_
_
_
_
. (not solid)
liquid
66.7%
This knife is b_
_
_
_
_
_
. (not sharp)
blunt
66.7%
This fish is c_
_
_
_
_
_
. (not raw)
cooked
66.7%
These jeans are too t_
_
_
_
_
_
. (not loose)
tight
66.7%
He has d_
_
_
_
_
_
hair. (not fair)
dark
50%
This is the s_
_
_
_
_
_
way. (not quick)
slow
50%
My Mum is always c_
_
_
_
_
_
when she drives. (not careful)
careless
50%
My parents are a_
_
_
_
_
_
of me. (not proud)
ashamed
50%
He gave us some g_
_
_
_
_
_
instructions (not specific)
general
50%
This grass is a_
_
_
_
_
_
. (not natural)
artificial
50%
There are an e_
_
_
_
_
_
number of people in the group. (not odd)
even
50%
The report is very v_
_
_
_
_
_
. (not detailed)
vague
50%
I have s_
_
_
_
_
_
skin. (not rough)
smooth
50%
He is very g_
_
_
_
_
_
with money (not mean)
generous
50%
The roads near my house are w_
_
_
_
_
_
. (not straight)
windy
50%
Our answers are t_
_
_
_
_
_
. (not different)
the same
33.3%
I had a s_
_
_
_
_
_
day. (not normal)
strange
33.3%
I am u_
_
_
_
_
_
about it. (not glad)
upset
33.3%
He is an p_
_
_
_
_
_
guy (not aggressive)
passive
33.3%
My friend is hard-
l_
_
_
_
_
_
. (not hard-
working)
lazy
33.3%
It's a m_
_
_
_
_
_
story. (not true)
made-up
33.3%
I have a c_
_
_
_
_
_
insurance policy. (not basic)
comprehensive
33.3%
My English teacher is really n_
_
_
_
_
_
. (not nice)
nasty
16.7%
My brother is s_
_
_
_
_
_
. (not crazy)
sensible
16.7%
Do you prefer s_
_
_
_
_
_
pancakes? (not sweet)
savoury
16.7%
This soup is very r_
_
_
_
_
_
. (not thick)
runny
16.7%
My teacher is very l_
_
_
_
_
_
. (not strict)
laid-back
16.7%
Quiz Playlist
Details
Report
Send in Message
Add To Playlist
Classic:
Type in answers that appear in a list
Last Updated: Feb 26, 2017
Quiz Scoreboard
CHALLENGE
Sign Up to Join the Scoreboard
Show All
Scores
Hide
Comments
May contain spoilers
Recently Published
1-10 Letter E Words III
by El_Dandy
Language
2m
Street Fighter Characters
by Artimus82
Gaming
60s
College Basketball Coaching Resumes
by pancakes188
Sports
9m
More to Explore
Quiz From the Vault
Featured Blog Post
Where Did the Easter Bunny Come From?
hide this ad
You Might Also Like...
Tags
Adjective
English
Today's Top Quizzes in Language
Browse Language
hide this ad
Today's Top Quizzes in Adjective
Browse Adjective
Top Contributed Quizzes in Language
1
1-10 Letter F Words III
2
1-10 Letter G Words III
3
1-10 Letter H Words III
4
Celtic Nations in their Language
5
1-10 Letter I Words III
6
Alphabetize! : 'As' words
7
One Thing in Common: Italy
8
1-10 Letter J Words III
9
Order Up: Top 10 Most Native Spoken Languages
10
1-10 Letter K Words III
Explore More
Trending Topics
Anime
NBA
Harry Potter
Disney
Crossword
Marvel
Kpop
Country
WWE
Pokémon
The Office
Song
NFL
Puzzle
Soccer
hide this ad
More By:
hopkinsbph
Quiz
Plays
Rating
Category
Featured
Created
Extreme adjectives
115
Language
Feb 23, 2017
Tricky irregular verbs
104
Language
Feb 23, 2017
Negative adjectives
10
5.00
Language
Mar 8, 2017
Adjectives and Opposites 2
6
Language
Feb 26, 2017
Adjectives and Opposites 1
6
Language
Feb 26, 2017
Go to Creator's Profile
Score Distribution
Quiz Creator Spotlight
hopkinsbph
Follow
Send a Message
Quizzes Created
-
Created Quiz Play Count
-
More By This Creator
Popular Quizzes Today
1
Find the US States - No Outlines Minefield
2
Find the Countries of Europe - No Outlines Minefield
3
The Countries of the World
4
Find the US States
5
Risky Map Clicking: Biggest States A-Z
6
US States
7
Popular People in 1961
8
Movies - When Are They Set?
More Language Quizzes
Words Ending in 'pie'
Editor's Pick
Trending Quizzes
Risky Map Clicking: Least Populous States A-Z
1-10 Letter G Words
1-10 Letter F Words
Countries of the World: 200 Million BC
Risky Map Clicking: Next State Alphabetically
Recently Updated
Most Oscar Losses (Acting)
pecheneg
Beyoncé Albums
pecheneg
Leaping Animals
pecheneg
Reality TV Shows (A-Z)
bhenderson79
Rickey Henderson's Hall of Fame Teammates
pecheneg
Champions League XIs: Arsenal
pecheneg
Quick Pick: Celebrities in WWE's Hall of Fame
aduchscher
A-Z Keypad Blitz II
pecheneg
Multiple Oscar Actors
pecheneg
Mystery Phrase Blitz: Oscar 'Best Actors'
pecheneg
Trending Topics
Disney
Anime
Harry Potter
Kpop
Crossword
NBA
Marvel
Soccer
NFL
Pokémon
The Office
WWE
Song
Puzzle
Country
Your Account Isn't Verified!
In order to create a playlist on Sporcle, you need to verify the email address you used during registration. Go to your
Sporcle Settings
to finish the process.
Report this User
Report this user for behavior that violates our
Community Guidelines
.
Details:
Send Report
Go to the Sporcle.com Mobile Site →
Comments